Länder mit den meisten Österreichern - Statistiken

Allgemein
  • Dieses Quiz wurde 313 mal gespielt
  • Das Durchschnittsergebnis liegt bei 8 aus 10
Antwortstatistiken
Land % Korrekt
Deutschland
100%
Schweiz
98%
Italien
96%
Vereinigte Staaten
91%
Frankreich
90%
Spanien
84%
Vereinigtes Königreich
75%
Kanada
74%
Australien
58%
Türkei
36%
Keine übereinstimmenden Quizze gefunden
Verteilung der Resultate
Anzahl Personen mit jedem Resultat
Perzentil nach korrekt beantworteten Fragen
Ihre Resultats-Entwicklung
Sie haben dieses Quiz noch nicht gespielt